[Event "S60149 Server NA Class B Ch"]
[Site "CCLA"]
[Date "2016.05.12"]
[Round "?"]
[White "Hadley, Douglas R."]
[Black "Avery, Bryce"]
[Result "1/2-1/2"]
[WhiteElo "1662"]
[BlackElo "1649"]

1. e4 e5 2. Nf3 Nc6 3. Bb5 a6 4. Bxc6 dxc6 5. O-O Qd6 6. Na3 b5 7. c3 c5 
8. Nc2 Bb7 9. Re1 Nf6 10. d4 cxd4 11. cxd4 Nxe4 12. a4 Be7 13. axb5 axb5 
14. Rxa8+ Bxa8 15. Qd3 O-O 16. Nxe5 Qd5 17. f3 Nf6 18. b3 Rd8 19. Be3 Bd6 
20. Bf4 Nh5 21. Bg3 Nxg3 22. hxg3 f6 23. Ng4 Bxg3 24. Nf2 Qh5 25. Qe3 
Bxf2+ 26. Qxf2 Re8 27. Qg3 Rxe1+ 28. Nxe1 Qf7 29. Qg4 Qe7 30. Qc8+ Kf7 31.
 Kf2 Bd5 32. Qb8 Qd7 33. Nd3 Bxb3 34. Qa7 Bc4 35. Ke3 Bxd3 36. Kxd3 Qc6 
37. Qa2+ Qc4+ 38. Qxc4+ bxc4+ 39. Kxc4 h5 40. Kd5 h4 41. Kc6 g5 42. d5 f5 
43. Kxc7 g4 44. fxg4 fxg4 45. d6 h3 46. gxh3 gxh3 47. d7 h2 48. d8=Q h1=Q 
1/2-1/2

[Event "S60149 Server NA Class B Ch"]
[Site "CCLA"]
[Date "2016.05.12"]
[Round "?"]
[White "Hadley, Douglas R."]
[Black "Disque, Philip"]
[Result "1/2-1/2"]
[WhiteElo "1662"]
[BlackElo "1612"]

1. e4 c5 2. Nf3 g6 3. c4 Nc6 4. d4 cxd4 5. Nxd4 Nf6 6. Nc3 d6 7. Be2 Nxd4 
8. Qxd4 Bg7 9. Bg5 O-O 10. Qd2 Be6 11. Rc1 Qa5 12. f3 Rfc8 13. Nd5 Qxd2+ 
14. Kxd2 Kf8 15. Nxf6 exf6 16. Be3 f5 17. Rc2 Rc6 18. b3 b6 19. Bd3 Rac8 
20. Rhc1 1/2-1/2

[Event "S60149 Server NA Class B Ch"]
[Site "CCLA"]
[Date "2016.05.12"]
[Round "?"]
[White "Hadley, Douglas R."]
[Black "Catania, Duane"]
[Result "1/2-1/2"]
[WhiteElo "1662"]
[BlackElo "1637"]

1. e4 e6 2. d4 d5 3. Nc3 Nf6 4. Bg5 Bb4 5. e5 h6 6. Bd2 Bxc3 7. bxc3 Ne4 
8. Qg4 g6 9. Bd3 Nxd2 10. Kxd2 c5 11. Nf3 Nc6 12. Qf4 cxd4 13. cxd4 Qe7 
14. Rhb1 b6 15. Bb5 Bd7 16. a3 Na5 17. Qf6 Rg8 18. Qxe7+ Kxe7 19. Bd3 Rac8
20. Rb4 Rc7 21. h4 Rgc8 22. Ra2 Nc4+ 23. Bxc4 Rxc4 24. Rxc4 dxc4 25. c3 
Bc6 26. Ke3 Bxf3 27. Kxf3 f5 28. exf6+ Kxf6 29. Kf4 Rd8 30. Re2 Rd5 31. 
Re5 Rd8 32. a4 a6 33. g4 Rb8 34. Ke4 Rc8 35. f4 Kf7 36. f5 exf5+ 37. gxf5 
gxf5+ 38. Kxf5 Rc6 39. h5 Rf6+ 40. Ke4 Rd6 41. Rf5+ Ke7 42. Re5+ Kf7 43. 
Rf5+ 1/2-1/2

[Event "S60149 Server NA Class B Ch"]
[Site "CCLA"]
[Date "2016.05.12"]
[Round "?"]
[White "Fisher Jr., Arthur"]
[Black "Anderson, Clarence"]
[Result "1/2-1/2"]
[WhiteElo "1691"]
[BlackElo "1717"]

1. e4 g6 2. d4 Bg7 3. c4 d6 4. Nc3 Nd7 5. Nf3 e5 6. Be2 Ne7 7. O-O O-O 8. 
Be3 h6 9. Qd2 Kh7 10. Rad1 Nc6 11. dxe5 Ndxe5 12. Nxe5 dxe5 13. Qxd8 Nxd8 
14. Bc5 Re8 15. Nd5 Ne6 16. Be3 c6 17. Nc3 Nd4 18. Rd2 h5 19. Bd1 Bh6 20. 
Bxh6 Kxh6 21. h3 Be6 22. b3 Rad8 23. Kh1 Rd7 24. Ne2 Red8 25. Nxd4 Rxd4 
26. Rxd4 Rxd4 27. Bc2 Rd2 28. Bb1 a5 29. Kg1 a4 30. Rc1 axb3 31. axb3 Rb2 
32. Bc2 f5 33. exf5 gxf5 34. Rd1 Kg5 35. Rd6 Bxc4 36. bxc4 Rxc2 37. Rd7 
Rxc4 38. Rxb7 Rc1+ 39. Kh2 c5 40. Rg7+ Kf4 41. Rh7 Kg5 42. h4+ Kg6 43. Rh8
c4 44. Rc8 c3 45. Kg3 c2 46. f3 e4 47. fxe4 fxe4 48. Kf2 e3+ 49. Kxe3 Kf5 
1/2-1/2

[Event "S60149 Server NA Class B Ch"]
[Site "CCLA"]
[Date "2016.05.12"]
[Round "?"]
[White "Fisher Jr., Arthur"]
[Black "Strelecky, Rich"]
[Result "0-1"]
[WhiteElo "1691"]
[BlackElo "1670"]

1. d4 Nf6 2. Nc3 d5 3. Nf3 c5 4. Bg5 c4 5. Bxf6 exf6 6. e4 Bb4 7. exd5 
Bxc3+ 8. bxc3 Qxd5 9. Be2 b5 10. O-O Bb7 11. Re1 O-O 12. Bf1 Nc6 13. a4 a6
14. axb5 axb5 15. Qd2 Rxa1 16. Rxa1 Re8 17. Re1 Rxe1 18. Qxe1 Qd8 19. Qe3 
Ne7 20. Qf4 Nd5 21. Qd2 Qe7 22. Qe1 Qxe1 23. Nxe1 Nxc3 24. g3 Bd5 25. f3 
b4 26. Kf2 b3 27. cxb3 cxb3 28. Nd3 Nd1+ 29. Ke2 b2 30. Nxb2 Nxb2 31. Ke3 
f5 32. f4 Nd1+ 33. Ke2 Bc4+ 34. Kxd1 Bxf1 35. Kd2 Kf8 36. Kc3 Ke7 37. Kb4 
Kd6 38. Kc3 Kd5 39. Kd2 Kxd4 40. Ke1 Bh3 41. Kf2 Ke4 42. Kg1 Kf3 43. Kh1 
Kf2 0-1

[Event "S60149 Server NA Class B Ch"]
[Site "CCLA"]
[Date "2016.05.12"]
[Round "?"]
[White "Fisher Jr., Arthur"]
[Black "Laaman, Thomas"]
[Result "1-0"]
[WhiteElo "1691"]
[BlackElo "1632"]

1. e4 e5 2. Nf3 Nf6 3. Nxe5 d6 4. Nf3 Nxe4 5. d4 d5 6. Bd3 Nc6 7. O-O Be7 
8. Nbd2 Nxd2 9. Bxd2 O-O 10. h3 Bf6 11. c3 Re8 12. Qc2 h6 13. Rfe1 Be6 14.
 Bf5 Qd7 15. Bxe6 Rxe6 16. Rxe6 Qxe6 17. Re1 Qd7 18. Bf4 Ne7 19. Ne5 Bxe5 
20. dxe5 Re8 21. Re3 Ng6 22. Bg3 Nf8 23. Qe2 Ne6 24. Qg4 Nc5 25. Qxd7 Nxd7
26. f4 c6 27. Kf2 Nc5 28. Ke2 b5 29. b4 Ne4 30. Be1 h5 31. g4 hxg4 32. 
hxg4 g6 33. Bh4 a6 34. Bf6 Ra8 35. Rh3 Nxf6 36. exf6 a5 37. a3 axb4 38. 
axb4 Ra2+ 39. Ke3 Ra3 40. Kd4 Ra1 41. Kc5 Rc1 42. Rd3 d4 43. Kxd4 Rf1 44. 
Kc5 Rxf4 45. Kxc6 Rxf6+ 46. Kxb5 Rf4 47. Rd4 Rxd4 48. cxd4 Kf8 49. Kc5 Ke7
50. b5 Kd7 51. Kd5 f6 52. b6 f5 53. gxf5 gxf5 54. Ke5 Kc6 55. Kxf5 Kxb6 
56. Ke6 Kc7 57. d5 Kd8 58. Kd6 Ke8 59. Kc7 1-0

[Event "S60149 Server NA Class B Ch"]
[Site "CCLA"]
[Date "2016.05.12"]
[Round "?"]
[White "Fisher Jr., Arthur"]
[Black "Hadley, Douglas R."]
[Result "1/2-1/2"]
[WhiteElo "1691"]
[BlackElo "1662"]

1. e4 c5 2. Nf3 d6 3. d4 cxd4 4. Nxd4 Nf6 5. Nc3 a6 6. Bg5 Nc6 7. Be2 e6 
8. Bf3 Be7 9. O-O Bd7 10. Qd2 Ne5 11. Be2 O-O 12. Rad1 Qc7 13. Bxf6 Bxf6 
14. f4 Nc6 15. Nxc6 Bxc6 16. Bf3 Rfd8 17. Kh1 Rac8 18. f5 exf5 19. exf5 
Be5 20. Bxc6 Bxc3 21. Qxc3 Qxc6 22. Qg3 Qxc2 23. f6 Qg6 24. Rxd6 Qxg3 25. 
Rxd8+ Rxd8 26. hxg3 gxf6 27. Rxf6 Kg7 28. Rb6 1/2-1/2

[Event "S60149 Server NA Class B Ch"]
[Site "CCLA"]
[Date "2016.05.12"]
[Round "?"]
[White "Fisher Jr., Arthur"]
[Black "Avery, Bryce"]
[Result "1-0"]
[WhiteElo "1691"]
[BlackElo "1649"]

1. d4 Nf6 2. Nc3 d5 3. Bg5 Nbd7 4. Nf3 g6 5. e3 Bg7 6. Bd3 O-O 7. O-O c5 
8. dxc5 Nxc5 9. Be2 e6 10. Qd4 b6 11. Qh4 Ba6 12. Bxa6 Nxa6 13. a3 Nc5 14.
 Rad1 Qe7 15. Rfe1 Rad8 16. Bh6 Bxh6 17. Qxh6 Qc7 18. Ng5 Qc6 19. f3 Na4 
20. Nxa4 Qxa4 21. Rd4 Qxc2 22. Rf4 Rd7 23. Rxf6 Rfd8 24. Qxh7+ Kf8 25. 
Rxf7+ 1-0

[Event "S60149 Server NA Class B Ch"]
[Site "CCLA"]
[Date "2016.05.12"]
[Round "?"]
[White "Fisher Jr., Arthur"]
[Black "Disque, Philip"]
[Result "1/2-1/2"]
[WhiteElo "1691"]
[BlackElo "1612"]

1. e4 e5 2. Nf3 Nc6 3. Bc4 Nf6 4. Ng5 d5 5. exd5 Na5 6. Bb5+ Bd7 7. Qe2 
Bd6 8. Bxd7+ Qxd7 9. d4 O-O 10. dxe5 Bxe5 11. O-O Rfe8 12. Qd3 Qxd5 13. 
Nxh7 Qxd3 14. Nxf6+ Bxf6 15. cxd3 Re2 16. Nc3 Rc2 17. Nd5 Bxb2 18. Bxb2 
Rxb2 19. Nxc7 Rd8 20. Rfe1 Kf8 21. g3 Nc6 22. Rab1 Rxb1 23. Rxb1 b6 24. 
Re1 Nd4 25. Kg2 Rc8 26. Re4 Rd8 27. Re5 Nc6 28. Rd5 Rc8 29. Nb5 a6 30. Nd4
Ke7 31. Nxc6+ Rxc6 32. a4 Ke6 33. Rd4 Ke5 34. Re4+ Kd5 35. Kf3 b5 36. axb5
axb5 37. Rb4 Kc5 38. Rb1 Re6 39. h4 b4 40. Rc1+ Kb5 41. d4 b3 42. Rb1 Kc4 
43. Kf4 Kc3 44. d5 Rb6 45. Ke5 f6+ 46. Kf5 Kc2 47. Re1 b2 1/2-1/2

[Event "S60149 Server NA Class B Ch"]
[Site "CCLA"]
[Date "2016.05.12"]
[Round "?"]
[White "Fisher Jr., Arthur"]
[Black "Catania, Duane"]
[Result "0-1"]
[WhiteElo "1691"]
[BlackElo "1637"]

1. e4 e6 2. d4 d5 3. exd5 exd5 4. Bd3 Nf6 5. Nf3 Nc6 6. O-O Be7 7. Nc3 O-O
8. Bg5 h6 9. Be3 Bg4 10. Be2 Bd6 11. h3 Bh5 12. Nh4 Bxe2 13. Qxe2 Ne7 14. 
Qf3 Ng6 15. Nf5 Bb4 16. Ne2 Ne4 17. c3 Bd6 18. Nxd6 Qxd6 19. Ng3 f5 20. 
Nxf5 Qe6 21. g4 Nh4 22. Nxh4 Rxf3 23. Nxf3 h5 24. Ne5 hxg4 25. hxg4 c5 26.
 Kg2 Nf6 27. f3 Qb6 28. Rf2 c4 29. Rh1 Re8 30. Kg1 Rxe5 31. dxe5 Qxe3 32. 
exf6 gxf6 33. Rh5 d4 34. cxd4 Qxd4 35. Kg2 a6 36. Rh3 b5 37. f4 b4 38. Rg3
c3 39. bxc3 bxc3 40. Rgf3 Qe4 41. Kg3 Qe1 42. Rxc3 Qxc3+ 43. Kg2 Kf7 44. 
g5 f5 45. Kh2 Qe3 46. Kg2 Kg6 47. Kf1 a5 48. Kg2 a4 49. Kf1 a3 50. Kg2 Qe1
51. Kg3 Kh5 52. Kf3 Qc3+ 53. Kg2 Kg4 54. Kg1 Qe3 55. g6 Kg3 0-1

[Event "S60149 Server NA Class B Ch"]
[Site "CCLA"]
[Date "2016.05.12"]
[Round "?"]
[White "Avery, Bryce"]
[Black "Anderson, Clarence"]
[Result "0-1"]
[WhiteElo "1649"]
[BlackElo "1717"]

1. e4 g6 2. d4 Bg7 3. Nc3 d6 4. f4 a6 5. Nf3 b5 6. Bd3 Nd7 7. O-O c5 8. 
dxc5 Nxc5 9. Be3 Bb7 10. Bd4 Bxd4+ 11. Nxd4 Nf6 12. Qe2 b4 13. e5 dxe5 14.
 Qxe5 Nxd3 15. cxd3 bxc3 16. bxc3 Qd5 17. Qxd5 Bxd5 18. c4 Be6 19. Nxe6 
fxe6 20. Rab1 Kf7 21. Rb6 Rhd8 22. Re1 Rd6 23. Rb3 Rad8 24. c5 Rxd3 25. 
Rb6 Rd1 26. Rxe6 Rxe1+ 27. Rxe1 Rc8 28. Rc1 Rc6 29. g3 Nd7 30. Kf2 Rxc5 
0-1

[Event "S60149 Server NA Class B Ch"]
[Site "CCLA"]
[Date "2016.05.12"]
[Round "?"]
[White "Avery, Bryce"]
[Black "Strelecky, Rich"]
[Result "1/2-1/2"]
[WhiteElo "1649"]
[BlackElo "1670"]

1. d4 Nf6 2. c4 e6 3. g3 d5 4. Bg2 Be7 5. Nf3 O-O 6. O-O dxc4 7. Qc2 a6 8.
 a4 Bd7 9. Rd1 Bc6 10. Nc3 Bxf3 11. Bxf3 c6 12. Bf4 Nd5 13. e4 Nxf4 14. 
gxf4 Bh4 15. d5 exd5 16. exd5 Qf6 17. dxc6 Nxc6 18. Nd5 Qg6+ 19. Qxg6 fxg6
20. Rac1 b5 21. Nb6 Rad8 22. Bxc6 Rxf4 23. Rxd8+ Bxd8 24. Nd7 Bh4 25. Rc2 
Rf5 26. axb5 axb5 27. Re2 h5 28. Re8+ Kh7 29. Rf8 Bxf2+ 30. Kg2 Bd4 31. 
Rxf5 gxf5 32. Bxb5 c3 33. bxc3 Bxc3 34. Kf3 g6 35. Bc4 1/2-1/2

[Event "S60149 Server NA Class B Ch"]
[Site "CCLA"]
[Date "2016.05.12"]
[Round "?"]
[White "Avery, Bryce"]
[Black "Laaman, Thomas"]
[Result "1/2-1/2"]
[WhiteElo "1649"]
[BlackElo "1632"]

1. d4 d5 2. Nf3 e6 3. g3 c5 4. Bg2 Nc6 5. O-O Nf6 6. c4 Be7 7. cxd5 exd5 
8. Nc3 O-O 9. Bg5 cxd4 10. Nxd4 h6 11. Be3 Re8 12. Rc1 Bf8 13. Nxc6 bxc6 
14. Na4 Ba6 15. Rxc6 Bb5 16. Rc1 Rb8 17. Nc3 Bc6 18. Qd2 Bb4 19. Bxa7 Ra8 
20. Be3 Rxa2 21. Qd4 Bxc3 22. Qxc3 Ba8 23. Qb3 Ra6 24. Rfd1 Ng4 25. Bxd5 
Qf6 26. Bd4 Qf5 27. Bxa8 Raxa8 28. Qf3 Qxf3 29. exf3 Ne5 30. Bxe5 Rxe5 31.
 Rd4 Re2 32. b4 Raa2 33. Rf1 Reb2 34. Rd8+ Kh7 35. Rb8 Ra3 36. Kg2 Rab3 
37. h4 Rxb4 38. Rxb4 Rxb4 39. h5 f6 40. g4 Rb2 41. Re1 Rb7 42. Kg3 Kg8 43.
 f4 Kf7 44. f3 Rd7 45. Re3 Rd1 46. Re2 1/2-1/2

[Event "S60149 Server NA Class B Ch"]
[Site "CCLA"]
[Date "2016.05.12"]
[Round "?"]
[White "Avery, Bryce"]
[Black "Hadley, Douglas R."]
[Result "1/2-1/2"]
[WhiteElo "1649"]
[BlackElo "1662"]

1. Nf3 d5 2. c4 d4 3. g3 Nc6 4. Bg2 e5 5. d3 Bg4 6. O-O Qd7 7. Qb3 Rb8 8. 
Re1 Nf6 9. a3 Be7 10. Bg5 O-O 11. Bxf6 Bxf6 12. Nbd2 Rfe8 13. Ne4 Be7 14. 
Rec1 Bxf3 15. Bxf3 Na5 16. Qc2 f5 17. Nd2 c5 18. Bd5+ Kh8 19. Nf3 Bf6 20. 
b4 cxb4 21. axb4 Nc6 22. Qa4 Ra8 23. Rab1 Red8 24. Bxc6 Qxc6 25. Qxc6 bxc6
26. b5 c5 27. Rb3 Rd6 28. Nd2 g5 29. Ra3 Bd8 30. Rca1 Bb6 31. Nb3 Kg7 32. 
Na5 Rd7 33. Nc6 Kf6 34. Ra6 Rb7 35. Nxa7 Raxa7 36. Rxb6+ Rxb6 37. Rxa7 h5 
38. Ra6 Re6 39. Rxe6+ Kxe6 40. Kg2 Kd6 41. f3 Ke6 42. h3 Kd6 43. g4 hxg4 
44. hxg4 f4 45. Kf1 Kc7 46. Ke1 Kb6 47. Kd2 Kb7 48. Kc2 Kb6 49. Kb3 Kb7 
50. Ka4 1/2-1/2

[Event "S60149 Server NA Class B Ch"]
[Site "CCLA"]
[Date "2016.05.12"]
[Round "?"]
[White "Avery, Bryce"]
[Black "Fisher Jr., Arthur"]
[Result "1-0"]
[WhiteElo "1649"]
[BlackElo "1691"]

1. c4 e5 2. Nc3 Nf6 3. Nf3 Nc6 4. g3 Bc5 5. Bg2 d6 6. O-O O-O 7. e3 h6 8. 
d4 exd4 9. exd4 Bb6 10. Re1 Bg4 11. Be3 Qd7 12. a3 a6 13. b4 Rfe8 14. Qd3 
Rab8 15. Rad1 Bh3 16. c5 Bxg2 17. Kxg2 dxc5 18. dxc5 Qxd3 19. Rxd3 Ba7 20.
 Nd5 Nxd5 21. Rxd5 b6 22. Rd7 Rbc8 23. cxb6 Bxb6 24. Bxb6 cxb6 25. Rxe8+ 
Rxe8 26. Rb7 b5 27. Rb6 Nb8 28. Nd4 Rc8 29. Nb3 Nc6 30. Rxa6 Nxb4 31. axb4
Rc4 32. Rb6 Rxb4 33. Nc5 Rb1 34. Na6 Kh7 35. h4 g6 36. Nc7 b4 37. Nd5 b3 
38. Nc3 Rb2 39. Na4 Ra2 40. Nc5 Ra5 41. Nxb3 Re5 42. Rb4 g5 43. h5 g4 44. 
Rxg4 Rxh5 45. f4 Rb5 46. Nd4 f5 47. Nxb5 fxg4 48. Nd6 Kg6 49. Nc4 h5 50. 
Ne3 Kf6 51. Nxg4+ hxg4 52. Kf2 Ke6 53. Ke3 Kf5 54. Kd4 Ke6 55. Ke4 Kf6 56.
 f5 Kf7 57. Kf4 1-0

[Event "S60149 Server NA Class B Ch"]
[Site "CCLA"]
[Date "2016.05.12"]
[Round "?"]
[White "Avery, Bryce"]
[Black "Disque, Philip"]
[Result "1-0"]
[WhiteElo "1649"]
[BlackElo "1612"]

1. d4 e6 2. e4 d5 3. Nc3 Bb4 4. e5 c5 5. a3 Bxc3+ 6. bxc3 Ne7 7. Qg4 cxd4 
8. Qxg7 Rg8 9. Qxh7 Qc7 10. Ne2 Nbc6 11. f4 Bd7 12. Qd3 dxc3 13. Rb1 d4 
14. h4 Nf5 15. h5 O-O-O 16. Rg1 Rg7 17. g4 Rdg8 18. g5 Qd8 19. Bh3 Kb8 20.
 Bxf5 exf5 21. Nxd4 Qc8 22. Nxc6+ Qxc6 23. Qd6+ Kc8 24. Qxc6+ Bxc6 25. Be3
b6 26. Rb3 Kb7 27. Rxc3 Bf3 28. h6 Rh7 29. Kf2 Bg4 30. Rd3 Kc7 31. Rd6 Rg6
32. Rxg6 fxg6 33. Rg3 Bd1 34. Bc1 Kb7 35. Rd3 Bxc2 36. Rd6 Ba4 37. Rxg6 
Bb3 38. Rg7+ Rxg7 39. hxg7 Kc6 40. Kg3 Bg8 41. g6 b5 42. Kh4 Kd5 43. Kg5 
Ke6 44. Bd2 a6 45. Bc3 Kd7 46. Kxf5 Be6+ 47. Kf6 Bg8 48. f5 Ke8 49. e6 1-0

[Event "S60149 Server NA Class B Ch"]
[Site "CCLA"]
[Date "2016.05.12"]
[Round "?"]
[White "Avery, Bryce"]
[Black "Catania, Duane"]
[Result "0-1"]
[WhiteElo "1649"]
[BlackElo "1637"]

1. g3 d5 2. Bg2 Nf6 3. d3 Bf5 4. Nf3 e6 5. O-O Nbd7 6. Nbd2 Be7 7. Re1 O-O
8. e4 Bg6 9. e5 Ne8 10. Nf1 c5 11. h4 h6 12. N3h2 Rb8 13. h5 Bh7 14. f4 b5
15. g4 c4 16. f5 Bg5 17. Bxg5 Qxg5 18. Qf3 cxd3 19. cxd3 exf5 20. Qxd5 Nb6
21. Qxb5 fxg4 22. a4 Nc7 23. Qa5 Bxd3 24. Qxa7 Ne6 25. b3 Bxf1 26. Nxf1 
Nf4 27. Bc6 Nbd5 28. Bxd5 Nxd5 29. Qd4 Nf4 30. Re4 Rfd8 31. Qe3 Nh3+ 32. 
Kg2 Qxh5 33. Qg3 Ng5 34. Qxg4 Qg6 35. Re3 Rxb3 36. Rxb3 Qc2+ 37. Kg1 Qxb3 
38. Qg3 Rd3 39. Qg2 Qb6+ 40. Kh1 Qd4 41. Ra2 Qh4+ 0-1

[Event "S60149 Server NA Class B Ch"]
[Site "CCLA"]
[Date "2016.05.12"]
[Round "?"]
[White "Disque, Philip"]
[Black "Anderson, Clarence"]
[Result "0-1"]
[WhiteElo "1612"]
[BlackElo "1717"]

1. Nf3 g6 2. e4 Bg7 3. d4 d6 4. c3 Nf6 5. Bd3 O-O 6. O-O Nc6 7. d5 Nb8 8. 
h3 Nbd7 9. Re1 Nc5 10. Bc2 a5 11. c4 Bd7 12. Nc3 e5 13. Be3 Na6 14. a3 Ne8
15. Qd2 f5 16. Bh6 f4 17. Bxg7 Kxg7 18. Na2 g5 19. b4 g4 20. hxg4 Bxg4 21.
 Kf1 Nf6 22. Qc3 axb4 23. axb4 Qe7 24. Qb2 Kh8 25. Ke2 Rg8 26. Rh1 Rg6 27.
 Rh2 Rag8 28. Rah1 Qg7 29. Qc1 Rg5 30. Qf1 Rh5 31. Ke1 Bxf3 32. gxf3 Rxh2 
33. Rxh2 Qg1 34. Rh1 Qxf1+ 35. Kxf1 Nd7 36. Rh6 Kg7 37. Rh2 Rc8 38. Ba4 
Ndb8 39. Ke2 c5 40. b5 Nc7 41. Rh1 Nd7 42. Nc3 Nb6 43. Kd3 Nxa4 44. Nxa4 
Ra8 45. Ra1 Ra5 46. Rg1+ Kf7 47. Nc3 h6 48. Kc2 Ne8 49. Kb2 Nf6 50. Ra1 
Rxa1 51. Kxa1 h5 52. Ne2 Nh7 53. Kb2 h4 54. Ng1 Ng5 55. Kc3 h3 0-1

[Event "S60149 Server NA Class B Ch"]
[Site "CCLA"]
[Date "2016.05.12"]
[Round "?"]
[White "Disque, Philip"]
[Black "Strelecky, Rich"]
[Result "1-0"]
[WhiteElo "1612"]
[BlackElo "1670"]

1. Nf3 d5 2. c4 e6 3. d4 Nf6 4. g3 Be7 5. Bg2 O-O 6. O-O dxc4 7. Qc2 a6 8.
 Qxc4 b5 9. Qc2 Bb7 10. Bd2 Be4 11. Qc1 b4 12. e3 Nc6 13. Be1 Qd7 14. Nbd2
Bd3 15. Ne5 Nxe5 16. Bxa8 Rxa8 17. dxe5 Ng4 18. f4 Bxf1 19. Nxf1 c6 20. h3
Nh6 21. g4 Rb8 22. Nd2 Qd3 23. Nf3 Rb6 24. Qd2 Qd5 25. Qe2 Qb5 26. Kf1 
Qxe2+ 27. Kxe2 g6 28. Rd1 Rb7 29. e4 Kg7 30. Bh4 Bxh4 31. Nxh4 c5 32. Rd6 
a5 33. Kd3 b3 34. a3 Rc7 35. Kc4 Rb7 36. Nf3 Ng8 37. f5 gxf5 38. gxf5 exf5
39. exf5 h5 40. Ne1 Nh6 41. f6+ Kg6 42. Kxc5 Nf5 43. Rd8 Rc7+ 44. Kb5 Rc1 
45. Nd3 Rh1 46. Kxa5 h4 47. Kb4 Nh6 48. Rd4 Kg5 49. Nf2 Re1 50. Kxb3 Rxe5 
51. Kc4 Re3 52. a4 Re2 53. Nd1 Nf5 54. Rd3 Re4+ 55. Kb5 Kxf6 56. Nc3 Re5+ 
57. Kc4 Ke6 58. b4 Ne3+ 59. Kb3 Nd5 60. Nxd5 Rxd5 61. Rxd5 Kxd5 62. a5 Kc6
63. a6 f5 64. b5+ Kb6 65. Kc3 f4 66. Kd3 f3 67. Ke3 1-0

[Event "S60149 Server NA Class B Ch"]
[Site "CCLA"]
[Date "2016.05.12"]
[Round "?"]
[White "Disque, Philip"]
[Black "Laaman, Thomas"]
[Result "0-1"]
[WhiteElo "1612"]
[BlackElo "1632"]

1. Nf3 d5 2. c4 e6 3. d4 c5 4. Bf4 Nc6 5. Nc3 Nf6 6. e3 Be7 7. cxd5 exd5 
8. h3 O-O 9. Bd3 Re8 10. O-O cxd4 11. exd4 a6 12. a3 h6 13. Qc2 Be6 14. 
Rfe1 Qd7 15. Rad1 Rac8 16. Qb1 Na5 17. Ne5 Qd8 18. Bf5 Bxf5 19. Qxf5 Nc4 
20. Bc1 Rc7 21. g4 Qc8 22. Qf3 Bd6 23. Nd3 Rxe1+ 24. Nxe1 Nxa3 25. Bxh6 
Nc4 26. Bc1 Nb6 27. Bg5 Nh7 28. Bc1 Bb4 29. Bf4 Re7 30. Nd3 Bxc3 31. bxc3 
Qxc3 32. Rc1 Qxd4 33. g5 Qe4 34. Qg3 Qf5 35. h4 Nc4 36. Re1 Rxe1+ 37. Nxe1
Nf8 38. Bc1 Qb1 39. Qc3 Qe4 40. Ng2 Qg4 41. Qd3 Qe4 42. Qxe4 dxe4 43. h5 
Ne6 44. Kf1 a5 45. Ne3 Nxe3+ 46. Bxe3 a4 47. g6 f5 48. Bc1 Nc5 49. Ba3 Nd3
50. Ke2 b5 0-1

[Event "S60149 Server NA Class B Ch"]
[Site "CCLA"]
[Date "2016.05.12"]
[Round "?"]
[White "Disque, Philip"]
[Black "Hadley, Douglas R."]
[Result "1-0"]
[WhiteElo "1612"]
[BlackElo "1662"]

1. Nf3 d5 2. c4 d4 3. g3 Nc6 4. Bg2 e5 5. d3 Bg4 6. Qa4 Qd7 7. h3 Be6 8. 
a3 f6 9. b4 b6 10. Ng1 Nge7 11. b5 Nd8 12. Bxa8 c6 13. Nd2 Qc8 14. Bxc6+ 
Nexc6 15. bxc6 Nxc6 16. Ne4 Be7 17. Bd2 O-O 18. h4 Bd7 19. Qd1 Nd8 20. Bb4
Re8 21. Rh2 Qc6 22. Nf3 Nf7 23. Bxe7 Rxe7 24. a4 a5 25. Qb3 Be8 26. Qb5 
Qxb5 27. cxb5 Rc7 28. Kd1 Bd7 29. Rc1 Rb7 30. Nfd2 Kf8 31. Nc4 Ke7 32. f3 
h6 33. g4 Rb8 34. Rg2 Rb7 35. Kd2 Rb8 36. Ng3 Rb7 37. Nf5+ Bxf5 38. gxf5 
Kf8 39. Rcg1 Nd8 40. Nxb6 Rxb6 41. Rxg7 Nf7 42. Rg8+ Ke7 43. R1g7 Rb7 44. 
Rh7 Rd7 45. Ra8 Kd6 46. Ra6+ Kc5 47. Rxf6 Kb4 48. Rhxf7 Rd8 49. b6 Rb8 50.
 b7 Kxa4 51. Rb6 Ka3 52. Rc7 h5 53. Rc1 Ka2 54. Rc8 Rxb7 55. Rxb7 a4 56. 
Ra8 a3 57. f6 e4 58. fxe4 Ka1 59. Rxa3# 1-0

[Event "S60149 Server NA Class B Ch"]
[Site "CCLA"]
[Date "2016.05.12"]
[Round "?"]
[White "Disque, Philip"]
[Black "Fisher Jr., Arthur"]
[Result "1-0"]
[WhiteElo "1612"]
[BlackElo "1691"]

1. Nf3 d5 2. c4 Nf6 3. cxd5 Qxd5 4. Nc3 Qd8 5. d4 c6 6. e4 Bg4 7. Be3 e6 
8. Be2 Bb4 9. Nd2 Bxe2 10. Qxe2 O-O 11. O-O h6 12. Rac1 Nbd7 13. Rfd1 Qa5 
14. a3 Bxc3 15. Rxc3 Qh5 16. Qxh5 Nxh5 17. e5 c5 18. Nc4 b5 19. Nd6 cxd4 
20. Rxd4 Nxe5 21. Rc5 f6 22. Nxb5 g5 23. Nc7 Rac8 24. Nxe6 Rxc5 25. Nxc5 
Rc8 26. b4 Nc6 27. Rd1 a5 28. b5 Ne5 29. b6 Nc4 30. b7 Rb8 31. Rd7 Ne5 32.
 Rc7 1-0

[Event "S60149 Server NA Class B Ch"]
[Site "CCLA"]
[Date "2016.05.12"]
[Round "?"]
[White "Disque, Philip"]
[Black "Avery, Bryce"]
[Result "0-1"]
[WhiteElo "1612"]
[BlackElo "1649"]

1. e4 e5 2. Nf3 Nc6 3. d4 exd4 4. Nxd4 Bc5 5. Nb3 Bb6 6. Nc3 d6 7. Qe2 
Nge7 8. Be3 Bxe3 9. Qxe3 O-O 10. O-O-O Be6 11. Kb1 a5 12. a4 Qd7 13. Bb5 
Bxb3 14. cxb3 Qg4 15. f3 Qe6 16. Bc4 Qg6 17. g4 Nb4 18. h4 Rfd8 19. h5 Qf6
20. g5 Qe5 21. f4 Qc5 22. Qf3 c6 23. g6 hxg6 24. hxg6 Nxg6 25. Rh5 Qa7 26.
 Qg3 d5 27. exd5 cxd5 28. Bxd5 Nxd5 29. Rhxd5 Rxd5 30. Rxd5 Qb6 31. Rb5 
Qc7 32. Nd5 Qd6 33. Qe3 Qd7 34. Nb6 Re8 35. Nxd7 Rxe3 36. f5 Nh4 37. f6 
gxf6 38. Nxf6+ Kg7 39. Nd5 Re5 40. Rxa5 f5 41. Rb5 Nf3 42. Rxb7+ Kg6 43. 
Ne7+ Kg5 44. b4 f4 45. a5 Nd2+ 46. Ka2 f3 47. Ng8 Rf5 48. Rg7+ Kf4 49. Rg1
f2 50. Rh1 f1=Q 51. Rxf1+ Nxf1 52. Ne7 Rb5 53. a6 Rb8 54. a7 Ra8 55. Nc6 
Nd2 56. b3 Nf3 57. Kb2 Ne5 0-1

[Event "S60149 Server NA Class B Ch"]
[Site "CCLA"]
[Date "2016.05.12"]
[Round "?"]
[White "Disque, Philip"]
[Black "Catania, Duane"]
[Result "1/2-1/2"]
[WhiteElo "1612"]
[BlackElo "1637"]

1. Nf3 d5 2. c4 Nf6 3. cxd5 Nxd5 4. e4 Nb6 5. d4 Bg4 6. Be2 e6 7. Nc3 Nc6 
8. Be3 Be7 9. O-O O-O 10. d5 exd5 11. exd5 Bxf3 12. Bxf3 Ne5 13. Qe2 Nxf3+
14. Qxf3 Nd7 15. Qg3 Bd6 16. Bf4 Nf6 17. Bxd6 Qxd6 18. Qxd6 cxd6 19. Rfe1 
Rfe8 20. Kf1 a6 21. f3 Kf8 22. Kf2 Rac8 23. Rxe8+ Kxe8 24. Rd1 Kd7 25. Rd2
1/2-1/2

[Event "S60149 Server NA Class B Ch"]
[Site "CCLA"]
[Date "2016.05.12"]
[Round "?"]
[White "Catania, Duane"]
[Black "Anderson, Clarence"]
[Result "1-0"]
[WhiteElo "1637"]
[BlackElo "1717"]

1. e4 g6 2. d4 Bg7 3. Nf3 d6 4. Bd3 c5 5. c3 cxd4 6. cxd4 Nf6 7. O-O O-O 
8. Nc3 Bg4 9. h3 Bxf3 10. Qxf3 Nc6 11. Be3 Nd7 12. d5 Nce5 13. Qe2 Nxd3 
14. Qxd3 a6 15. f4 b5 16. Rae1 Nc5 17. Bxc5 dxc5 18. e5 f6 19. d6 fxe5 20.
 Qd5+ Kh8 21. fxe5 exd6 22. Rxf8+ Qxf8 23. Rf1 Qe8 24. exd6 Bd4+ 25. Kh1 
Ra7 26. Ne4 Kg7 27. Ng5 Qe5 28. Qf3 Qxd6 29. Ne6+ Kh6 30. Qg4 Qe5 31. Qh4+
Qh5 32. Qf4+ g5 33. Qf8+ 1-0

[Event "S60149 Server NA Class B Ch"]
[Site "CCLA"]
[Date "2016.05.12"]
[Round "?"]
[White "Catania, Duane"]
[Black "Strelecky, Rich"]
[Result "1/2-1/2"]
[WhiteElo "1637"]
[BlackElo "1670"]

1. e4 c5 2. Nf3 e6 3. c3 d5 4. e5 Nc6 5. d4 Bd7 6. Bd3 Qb6 7. O-O c4 8. 
Bc2 Be7 9. Nbd2 Nh6 10. b3 Qa5 11. bxc4 Qxc3 12. Rb1 Nxd4 13. Nxd4 Qxd4 
14. Rxb7 Rd8 15. cxd5 Qxd5 16. Rxa7 Qxe5 17. Rxd7 Rxd7 18. Ba4 Qc7 19. Ne4
f5 20. Bxh6 gxh6 21. Qxd7+ Qxd7 22. Bxd7+ Kxd7 23. Rd1+ Kc6 24. Nc3 Bf6 
25. Ne2 Ra8 26. Rd2 Ra4 27. g3 Be5 28. f4 Bf6 29. Kg2 h5 30. Kh3 Ra5 31. 
Ng1 h4 32. Nf3 hxg3 33. hxg3 h6 34. Re2 Kd5 35. Ne5 Ra4 36. Nd7 Bd4 37. 
Kh4 Ra3 38. Rg2 Ra7 39. Nf8 Bg7 40. Ng6 Ra6 41. Kh5 Ke4 42. Rc2 Bf6 43. 
Ne5 Bxe5 44. fxe5 Kxe5 45. Kxh6 Kf6 46. Kh7 Kg5 47. Kg7 Ra7+ 48. Kf8 Kg4 
49. Rc3 Rxa2 50. Kf7 e5 1/2-1/2

[Event "S60149 Server NA Class B Ch"]
[Site "CCLA"]
[Date "2016.05.12"]
[Round "?"]
[White "Catania, Duane"]
[Black "Laaman, Thomas"]
[Result "1-0"]
[WhiteElo "1637"]
[BlackElo "1632"]

1. e4 e5 2. Nf3 Nf6 3. Nc3 Bb4 4. Nd5 Nxd5 5. exd5 d6 6. c3 Bc5 7. d4 exd4
8. cxd4 Bb6 9. Bd3 Qe7+ 10. Be3 Bg4 11. O-O O-O 12. Re1 Qf6 13. Be4 Re8 
14. Qd3 h6 15. Bh7+ Kh8 16. Bg5 Rxe1+ 17. Rxe1 1-0